[Event "FRA-ch Blitz Online Qual"]
[Site "Europe Echecs INT"]
[Date "2020.05.16"]
[Round "6"]
[White "Bulmaga, Irina"]
[Black "Neau, Julien"]
[Result "1-0"]
[WhiteElo "2440"]
[BlackElo "1916"]
[PlyCount "67"]
[EventDate "2020.05.16"]
[EventType "swiss (blitz)"]
[EventRounds "15"]
[EventCountry "FRA"]
[SourceTitle "CBM 196 Extra"]
[Source "ChessBase"]
[SourceDate "2020.07.31"]
[SourceVersion "1"]
[SourceVersionDate "2020.07.31"]
[SourceQuality "1"]

1. e4 d6 2. d4 Nf6 3. Nc3 g6 4. Nf3 Bg7 5. h3 c6 6. a4 0-0 7. Be2 Nbd7 8. 0-0 e5 9. b3 exd4 10. Nxd4 Re8 11. Bf3 Ne5 12. Bb2 d5 13. exd5 Nxf3+ 14. Qxf3 Nxd5 15. Rad1 Nxc3 16. Bxc3 Qc7 17. Rfe1 Bd7 18. Ne2 Bf5 19. Bxg7 Kxg7 20. Nd4 Bd7 21. Qc3 Kg8 22. Nb5 Qb6 23. Rxe8+ Rxe8 24. Nd6 Rd8 25. Ne4 Qc7 26. Nf6+ Kf8 27. Nxh7+ Kg8 28. Nf6+ Kh8 29. Nxd7+ Kh7 30. Nf6+ Kh6 31. Rxd8 Qxd8 32. Qe5 Qd1+ 33. Kh2 g5 34. Ng4+ 1-0

[Event "FRA-ch Blitz Online Qual"]
[Site "Europe Echecs INT"]
[Date "2020.05.16"]
[Round "1"]
[White "Neau, Julien"]
[Black "Albaladejo, Sylviane"]
[Result "1-0"]
[WhiteElo "1916"]
[BlackElo "1025"]
[PlyCount "95"]
[EventDate "2020.05.16"]
[EventType "swiss (blitz)"]
[EventRounds "15"]
[EventCountry "FRA"]
[SourceTitle "CBM 196 Extra"]
[Source "ChessBase"]
[SourceDate "2020.07.31"]
[SourceVersion "1"]
[SourceVersionDate "2020.07.31"]
[SourceQuality "1"]

1. d4 d5 2. c4 Nc6 3. Nc3 e6 4. Nf3 Nf6 5. Bg5 Be7 6. e3 0-0 7. h3 Ne4 8. Bxe7 Nxe7 9. Nxe4 dxe4 10. Nd2 f5 11. Be2 c6 12. Qc2 Bd7 13. f3 Be8 14. fxe4 fxe4 15. Nxe4 Bg6 16. Bd3 Nf5 17. Qe2 Qh4+ 18. Kd2 Ng3 19. Nxg3 Bxd3 20. Kxd3 Qxg3 21. Raf1 Qg6+ 22. Kd2 Rxf1 23. Rxf1 Rf8 24. Rxf8+ Kxf8 25. Qf3+ Kg8 26. g4 Qf7 27. Qxf7+ Kxf7 28. Kd3 Kf6 29. Ke4 g5 30. b4 h6 31. d5 cxd5+ 32. cxd5 exd5+ 33. Kxd5 b6 34. b5 Ke7 35. Ke5 Kf7 36. Kd6 Kf6 37. e4 Kg6 38. e5 Kf7 39. Kd7 Kf8 40. e6 Kg7 41. e7 Kg6 42. e8Q+ Kf6 43. Qe6+ Kg7 44. Ke7 h5 45. gxh5 g4 46. Qg6+ Kh8 47. h6 gxh3 48. Qg7# 1-0

[Event "Rochefort op-B 19th"]
[Site "Rochefort"]
[Date "2020.02.22"]
[Round "1"]
[White "Delabbey, Olivier"]
[Black "Neau, Julien"]
[Result "0-1"]
[WhiteElo "1503"]
[BlackElo "1940"]
[PlyCount "64"]
[EventDate "2020.02.22"]
[EventType "swiss"]
[EventRounds "9"]
[EventCountry "FRA"]
[SourceTitle "CBM 195 Extra"]
[Source "ChessBase"]
[SourceDate "2020.05.31"]
[SourceVersion "1"]
[SourceVersionDate "2020.05.31"]
[SourceQuality "1"]

1. e4 d6 2. d4 Nf6 3. Nc3 g6 4. Nf3 Bg7 5. Bc4 0-0 6. h3 Nxe4 7. Bxf7+ Rxf7 8. Nxe4 d5 9. Ng3 c5 10. c3 cxd4 11. Nxd4 e5 12. Nf3 Nc6 13. 0-0 h6 14. Qc2 Qf6 15. Bd2 Bf5 16. Nxf5 gxf5 17. Rad1 Rd8 18. Qc1 f4 19. Kh1 e4 20. Nh2 Qh4 21. Ng4 h5 22. Bxf4 hxg4 23. Bg5 Qh5 24. Bxd8 gxh3 25. Qg5 hxg2+ 26. Kxg2 Qf3+ 27. Kg1 Rf4 28. Kh2 Rf5 29. Qg2 Qh5+ 30. Kg1 Nxd8 31. Qh2 Rg5+ 32. Kh1 Qf3+ 0-1

[Event "Rochefort op-B 19th"]
[Site "Rochefort"]
[Date "2020.02.22"]
[Round "8"]
[White "Marsaud, William"]
[Black "Neau, Julien"]
[Result "0-1"]
[WhiteElo "1702"]
[BlackElo "1940"]
[PlyCount "72"]
[EventDate "2020.02.22"]
[EventType "swiss"]
[EventRounds "9"]
[EventCountry "FRA"]
[SourceTitle "CBM 195 Extra"]
[Source "ChessBase"]
[SourceDate "2020.05.31"]
[SourceVersion "1"]
[SourceVersionDate "2020.05.31"]
[SourceQuality "1"]

1. e4 d6 2. d4 Nf6 3. Nc3 g6 4. f4 Bg7 5. e5 Nfd7 6. Nf3 0-0 7. Bc4 Nb6 8. Bb3 Nc6 9. a3 Bg4 10. Be3 Na5 11. Qe2 Nxb3 12. cxb3 c6 13. 0-0 f6 14. Rad1 fxe5 15. dxe5 Qc7 16. exd6 exd6 17. Qd3 d5 18. Rc1 Bxf3 19. Rxf3 Rad8 20. Nb5 Qb8 21. Nd4 Rde8 22. Re1 c5 23. Ne2 Qd6 24. Kh1 Bxb2 25. Qc2 Bxa3 26. Ra1 Bb4 27. Rxa7 Qe7 28. f5 d4 29. f6 Rxf6 30. Rxb7 Qxb7 31. Rxf6 Rxe3 32. Rxg6+ hxg6 33. Qxg6+ Qg7 34. Qxb6 Rxe2 35. Qd8+ Kh7 36. Qh4+ Qh6 0-1

[Event "Rochefort op-B 19th"]
[Site "Rochefort"]
[Date "2020.02.22"]
[Round "2"]
[White "Neau, Julien"]
[Black "Vernet, Bruno"]
[Result "1-0"]
[WhiteElo "1940"]
[BlackElo "1629"]
[PlyCount "55"]
[EventDate "2020.02.22"]
[EventType "swiss"]
[EventRounds "9"]
[EventCountry "FRA"]
[SourceTitle "CBM 195 Extra"]
[Source "ChessBase"]
[SourceDate "2020.05.31"]
[SourceVersion "1"]
[SourceVersionDate "2020.05.31"]
[SourceQuality "1"]

1. d4 d6 2. c4 e6 3. Nf3 Nd7 4. g3 b6 5. Bg2 Bb7 6. 0-0 h6 7. Nc3 g6 8. e4 Ne7 9. Be3 Bg7 10. Qd2 a6 11. Rac1 g5 12. d5 e5 13. h4 g4 14. Nh2 Nf6 15. b4 Ng6 16. c5 bxc5 17. bxc5 c6 18. dxc6 Bxc6 19. cxd6 Qd7 20. Rfd1 Nf8 21. Qb2 Ne6 22. Nd5 Bxd5 23. exd5 Nd8 24. Qxe5+ Kf8 25. Qe7+ Qxe7 26. dxe7+ Kxe7 27. d6+ Ke8 28. Bxa8 1-0

[Event "Rochefort op-B 18th"]
[Site "Rochefort"]
[Date "2019.02.21"]
[Round "8"]
[White "Neau, Julien"]
[Black "Diez, Ambre"]
[Result "0-1"]
[WhiteElo "1910"]
[BlackElo "1743"]
[PlyCount "80"]
[EventDate "2019.02.16"]
[EventType "swiss"]
[EventRounds "9"]
[EventCountry "FRA"]
[SourceTitle "CBM 189 Extra"]
[Source "ChessBase"]
[SourceDate "2019.05.31"]
[SourceVersion "1"]
[SourceVersionDate "2019.05.31"]
[SourceQuality "1"]

1. d4 Nf6 2. c4 c5 3. d5 b5 4. cxb5 a6 5. b6 Qxb6 6. Nc3 g6 7. e4 d6 8. Nf3 Nbd7 9. Be2 Bg7 10. Nd2 Qc7 11. a4 0-0 12. a5 e5 13. Nc4 Ne8 14. g4 f5 15. gxf5 gxf5 16. exf5 Rxf5 17. Bd3 Rf8 18. Ne4 Ndf6 19. Ng5 e4 20. Be2 h6 21. Nb6 hxg5 22. Nxa8 Qf7 23. Ra4 Bd7 24. Ra3 Nxd5 25. 0-0 Nf4 26. Nb6 Nxe2+ 27. Qxe2 Bb5 28. Qd1 Bxf1 29. Qxf1 Bd4 30. Be3 Bxb2 31. Ra4 Nf6 32. Nc4 Ng4 33. Qg2 Nxe3 34. Qxg5+ Qg7 35. Qxg7+ Bxg7 36. fxe3 d5 37. Nd2 Bh6 38. Ra3 Rf7 39. Rb3 c4 40. Ra3 Kf8 0-1

[Event "Rochefort op-B 18th"]
[Site "Rochefort"]
[Date "2019.02.19"]
[Round "5"]
[White "Alashtar, Asef"]
[Black "Neau, Julien"]
[Result "1-0"]
[WhiteElo "1857"]
[BlackElo "1910"]
[PlyCount "136"]
[EventDate "2019.02.16"]
[EventType "swiss"]
[EventRounds "9"]
[EventCountry "FRA"]
[SourceTitle "CBM 189 Extra"]
[Source "ChessBase"]
[SourceDate "2019.05.31"]
[SourceVersion "1"]
[SourceVersionDate "2019.05.31"]
[SourceQuality "1"]

1. e4 g6 2. d4 d6 3. Be3 Nd7 4. Bc4 Ngf6 5. f3 c6 6. Ne2 Bg7 7. Qd2 b5 8. Bd3 Nb6 9. 0-0 0-0 10. Na3 a5 11. c3 Ba6 12. b3 Nfd7 13. Rac1 b4 14. Nb1 c5 15. c4 a4 16. Bh6 axb3 17. axb3 Bxh6 18. Qxh6 cxd4 19. Nxd4 Nc5 20. Bc2 Nxc4 21. bxc4 Bxc4 22. Rf2 e5 23. Nc6 Qb6 24. Ne7+ Kh8 25. Qe3 Qb7 26. Nd5 Bxd5 27. exd5 b3 28. Bd3 b2 29. Re1 Qxd5 30. Be4 Nxe4 31. fxe4 Qb7 32. Qd2 Ra4 33. Qxd6 Re8 34. Qd2 Rxe4 35. Rxe4 Qxe4 36. Qxb2 Rd8 37. Rf1 Rc8 38. Qf2 f5 39. Nd2 Qd3 40. Nf3 Re8 41. Qd2 Qxd2 42. Nxd2 Kg7 43. Kf2 Kf6 44. Rb1 Re6 45. Ke3 Rc6 46. Rb3 g5 47. Rd3 h5 48. h3 h4 49. Rd8 Rc3+ 50. Ke2 Rg3 51. Kf2 g4 52. hxg4 Rxg4 53. Rf8+ Kg5 54. Nf3+ Kf4 55. Rh8 e4 56. Nxh4 Rg5 57. g3+ Ke5 58. Ng2 Rg7 59. Re8+ Kd4 60. Nf4 Ra7 61. Ne2+ Kd3 62. Rd8+ Kc4 63. Rd2 Ra3 64. Rc2+ Kd3 65. Rc5 e3+ 66. Kf3 Ra2 67. Rd5+ Kc4 68. Rxf5 Ra3 1-0

[Event "Avoine op 33rd"]
[Site "Avoine"]
[Date "2018.07.27"]
[Round "7"]
[White "Ronce, Nathan"]
[Black "Neau, Julien"]
[Result "1-0"]
[WhiteElo "2198"]
[BlackElo "1926"]
[PlyCount "153"]
[EventDate "2018.07.21"]
[EventType "swiss"]
[EventRounds "9"]
[EventCountry "FRA"]
[SourceTitle "CBM 185 Extra"]
[Source "ChessBase"]
[SourceDate "2018.07.29"]
[SourceVersion "1"]
[SourceVersionDate "2018.07.29"]
[SourceQuality "1"]

1. d4 Nf6 2. c4 g6 3. Nc3 Bg7 4. e4 d6 5. Nf3 0-0 6. Be2 e5 7. d5 a5 8. Bg5 h6 9. Be3 Ng4 10. Bd2 f5 11. h3 Nxf2 12. Kxf2 fxe4 13. Nxe4 Qh4+ 14. Ke3 Qf4+ 15. Kd3 Qf7 16. Be3 c6 17. Kd2 cxd5 18. Nxd6 Qe7 19. Nxc8 Rxc8 20. Qc2 d4 21. Bxd4 exd4 22. Rae1 b5 23. Kd1 Qb4 24. a3 Qc5 25. Nd2 Nd7 26. Qb3 Rab8 27. Bd3 Ne5 28. cxb5+ Kh8 29. Rxe5 Qxe5 30. Qf7 Rb6 31. Nc4 Qg5 32. Qd7 Rbb8 33. g4 Rd8 34. Qe6 Rxb5 35. Nd6 Rxd6 36. Qe8+ Kh7 37. Qxb5 Qe3 38. Kc2 Rf6 39. Kb1 Qd2 40. Ka2 Rf3 41. Be4 Rf2 42. Rh2 Qe3 43. Rxf2 Qxf2 44. Bd3 Qf3 45. a4 Bf8 46. Qd7+ Bg7 47. Qb5 Bf8 48. Bb1 Bg7 49. h4 Qxg4 50. h5 Qe6+ 51. Ka1 d3 52. Bxd3 Qf6 53. Qb8 Bf8 54. Qe8 Qe7 55. Qxg6+ Kh8 56. Qf5 Qe1+ 57. Ka2 Qe7 58. Bc2 Qg7 59. Qxa5 Qf6 60. Qb5 Kg7 61. a5 Bd6 62. a6 Qe7 63. Qf5 Kh8 64. Qg6 Bf4 65. Bb3 Qd8 66. Qf5 Bb8 67. Bc2 Qg8+ 68. b3 Ba7 69. Qf6+ Qg7 70. Qd8+ Qg8 71. Qf6+ Qg7 72. Qc6 Bg1 73. Qa8+ Qg8 74. Qb7 Bh2 75. a7 Bc7 76. a8Q Bd8 77. Qxd8 1-0

[Event "Avoine op 32nd"]
[Site "Avoine"]
[Date "2017.07.22"]
[Round "3"]
[White "Eugene, Floryan"]
[Black "Neau, Julien"]
[Result "1-0"]
[WhiteElo "2193"]
[BlackElo "1930"]
[PlyCount "63"]
[EventDate "2017.07.22"]
[EventType "swiss"]
[EventRounds "9"]
[EventCountry "FRA"]
[SourceTitle "CBM 179 Extra"]
[Source "ChessBase"]
[SourceDate "2017.08.23"]
[SourceVersion "1"]
[SourceVersionDate "2017.08.23"]
[SourceQuality "1"]

1. e4 d6 2. d4 Nf6 3. Nc3 g6 4. Be3 c6 5. h3 Nbd7 6. g4 e5 7. Bg2 Qc7 8. Nge2 b5 9. a3 a6 10. 0-0 Nb6 11. b3 Bg7 12. f4 Nfd7 13. dxe5 dxe5 14. f5 Bb7 15. a4 b4 16. a5 Nc8 17. Na4 c5 18. c3 Nd6 19. cxb4 Nxe4 20. Rc1 gxf5 21. bxc5 Rd8 22. Qc2 Bc6 23. Rxf5 Nef6 24. Ng3 Nd5 25. Bg5 f6 26. Nh5 0-0 27. Qc4 Qb7 28. Nc3 Nxc5 29. Bxf6 Bh6 30. g5 Rxf6 31. Nxf6+ Kh8 32. Ncxd5 1-0

[Event "Rochefort op-B 16th"]
[Site "Rochefort"]
[Date "2017.02.18"]
[Round "1"]
[White "Fernandez, Jose"]
[Black "Neau, Julien"]
[Result "0-1"]
[WhiteElo "1549"]
[BlackElo "1913"]
[PlyCount "66"]
[EventDate "2017.02.18"]
[EventType "swiss"]
[EventRounds "9"]
[EventCountry "FRA"]
[SourceTitle "CBM 177 Extra"]
[Source "ChessBase"]
[SourceDate "2017.04.27"]
[SourceVersion "1"]
[SourceVersionDate "2017.04.27"]
[SourceQuality "1"]

1. e4 g6 2. d4 d6 3. Be3 Nf6 4. Bd3 c6 5. Ne2 Nbd7 6. 0-0 Bg7 7. h3 0-0 8. Nd2 a6 9. f4 b5 10. Nf3 Bb7 11. Ng3 c5 12. c3 e6 13. Qd2 cxd4 14. cxd4 Nb6 15. f5 d5 16. e5 Ne4 17. Bxe4 dxe4 18. f6 Bxf6 19. exf6 exf3 20. Bh6 fxg2 21. Rf2 Qd6 22. Bg7 Nd5 23. Ne4 Qb4 24. Qh6 Rae8 25. Bxf8 Qxf8 26. Qh4 Ne3 27. Ng5 h6 28. Nf3 Nf5 29. Qg4 Qd6 30. Ne5 Qxd4 31. Qxd4 Nxd4 32. Nxg6 Nf3+ 33. Kxg2 Ne5+ 0-1

[Event "Avoine op 31st"]
[Site "Avoine"]
[Date "2016.07.28"]
[Round "6"]
[White "Neau, Julien"]
[Black "Deslandes, Pascal"]
[Result "0-1"]
[WhiteElo "1901"]
[BlackElo "2302"]
[PlyCount "58"]
[EventDate "2016.07.23"]
[EventType "swiss"]
[EventRounds "9"]
[EventCountry "FRA"]
[SourceTitle "CBM 173 Extra"]
[Source "ChessBase"]
[SourceDate "2016.08.29"]
[SourceVersion "1"]
[SourceVersionDate "2016.08.29"]
[SourceQuality "1"]

1. d4 Nf6 2. c4 g6 3. Nc3 Bg7 4. e4 d6 5. Nge2 0-0 6. Ng3 e5 7. d5 a5 8. h4 Na6 9. Be2 Nc5 10. h5 c6 11. hxg6 fxg6 12. Be3 Bd7 13. Qc2 cxd5 14. Bxc5 dxc5 15. Nxd5 Nxd5 16. cxd5 Rc8 17. b3 Qg5 18. a4 h5 19. Bc4 Bh6 20. Qd3 h4 21. Ne2 Qxg2 22. Rg1 Qxf2+ 23. Kd1 Kh7 24. d6 Bc6 25. Bd5 Rf3 26. Qc4 Qe3 27. Ra2 Rd8 28. Bxc6 bxc6 29. Qe6 Qd3+ 0-1

[Event "Avoine op 30th"]
[Site "Avoine"]
[Date "2015.07.19"]
[Round "2"]
[White "Loiret, Stanislas"]
[Black "Neau, Julien"]
[Result "0-1"]
[WhiteElo "2228"]
[BlackElo "1879"]
[PlyCount "40"]
[EventDate "2015.07.18"]
[EventType "swiss"]
[EventRounds "9"]
[EventCountry "FRA"]
[SourceTitle "EXT 2016"]
[Source "ChessBase"]
[SourceDate "2015.10.08"]
[SourceVersion "1"]
[SourceVersionDate "2015.10.08"]
[SourceQuality "1"]

1. d4 Nf6 2. c4 g6 3. Nc3 Bg7 4. e4 0-0 5. Be3 d6 6. f3 c5 7. d5 e6 8. dxe6 Bxe6 9. Bd3 Nc6 10. Nge2 Nd7 11. b3 Nd4 12. Rc1 Qh4+ 13. Bf2 Qg5 14. Kf1 Nxf3 15. gxf3 Bh3+ 16. Ke1 Ne5 17. Nf4 Qxf4 18. Be2 Bg2 19. Nd5 Nxf3+ 20. Bxf3 Qxf3 0-1

[Event "Avoine op 29th"]
[Site "Avoine"]
[Date "2014.07.19"]
[Round "1"]
[White "Eden, James"]
[Black "Neau, Julien"]
[Result "1-0"]
[WhiteElo "2207"]
[BlackElo "1962"]
[PlyCount "83"]
[EventDate "2014.07.19"]
[EventType "swiss"]
[EventRounds "9"]
[EventCountry "FRA"]
[SourceTitle "CBM 161 Extra"]
[Source "ChessBase"]
[SourceDate "2014.08.29"]
[SourceVersion "1"]
[SourceVersionDate "2014.08.29"]
[SourceQuality "1"]

1. e4 d6 2. d4 Nf6 3. Nc3 g6 4. Nf3 Bg7 5. Be2 0-0 6. 0-0 Nc6 7. d5 Nb8 8. Be3 e6 9. dxe6 Bxe6 10. Nd4 Bd7 11. f4 Nc6 12. Bf3 Re8 13. Qd3 Nb4 14. Qd2 Bg4 15. a3 Bxf3 16. Nxf3 Nc6 17. Qd3 Qe7 18. e5 Ng4 19. Nd5 Qd7 20. h3 Nxe3 21. Nxe3 Qd8 22. Ng5 dxe5 23. Qc4 Qd4 24. Qxf7+ Kh8 25. Rae1 exf4 26. Rxf4 Rxe3 27. Rxd4 Rxe1+ 28. Kf2 Rf8 29. Kxe1 Rxf7 30. Nxf7+ Kg8 31. Rd7 Ne5 32. Nxe5 Bxe5 33. b3 Bd6 34. Ke2 h5 35. Kd3 g5 36. Ke4 g4 37. hxg4 hxg4 38. Rxd6 cxd6 39. Kd5 Kf7 40. Kxd6 Kf6 41. g3 Kf5 42. Kd5 1-0

[Event "FRA-chT2W 0203"]
[Site "France"]
[Date "2003.04.06"]
[Round "11"]
[White "Neau, Julien"]
[Black "Serralta, Michel"]
[Result "1/2-1/2"]
[WhiteElo "2107"]
[BlackElo "2049"]
[PlyCount "152"]
[EventDate "2002.10.??"]
[EventType "team-tourn"]
[EventRounds "11"]
[EventCountry "FRA"]
[SourceTitle "EXT 2004"]
[Source "ChessBase"]
[SourceDate "2003.11.25"]
[SourceVersion "1"]
[SourceVersionDate "2003.11.25"]
[SourceQuality "1"]
[WhiteTeam "Poitiers Buxerolles"]
[BlackTeam "Brest"]
[WhiteTeamCountry "FRA"]
[BlackTeamCountry "FRA"]

1. d4 Nf6 2. c4 g6 3. Nc3 d5 4. Nf3 Bg7 5. Bg5 Ne4 6. Bf4 Nxc3 7. bxc3 c5 8. e3 0-0 9. cxd5 Qxd5 10. Be2 Nc6 11. 0-0 Bf5 12. Qb3 Qxb3 13. axb3 Rfd8 14. Bb5 Bd7 15. Bc4 a6 16. Ng5 Be8 17. Bc7 Rdc8 18. Bb6 cxd4 19. exd4 e6 20. Ne4 Bf8 21. Nc5 Ne5 22. Be2 Rc6 23. Na4 Nd7 24. Ba5 Rb8 25. c4 b6 26. Bd2 Rd8 27. Nc3 Nb8 28. Be3 Rcc8 29. Rac1 Bc6 30. Rfd1 Nd7 31. d5 exd5 32. Nxd5 Bc5 33. Bxc5 Bxd5 34. Bxb6 Nxb6 35. cxd5 Rxc1 36. Rxc1 Rxd5 37. Bxa6 Rd4 38. f3 Rb4 39. Rb1 Kf8 40. Kf2 Ke7 41. Ke3 Nd5+ 42. Kf2 Rd4 43. Re1+ Kf6 44. Bc4 Nb4 45. Re4 Rd2+ 46. Re2 Rd6 47. Ke3 Rd1 48. Rd2 Re1+ 49. Kd4 Re5 50. Kc3 Nc6 51. b4 Ke7 52. Re2 Rxe2 53. Bxe2 Kd6 54. b5 Ne5 55. f4 Nd7 56. Bc4 f6 57. Bg8 h6 58. Kb4 g5 59. fxg5 fxg5 60. Ka5 Kc5 61. Ka6 Nb8+ 62. Kb7 Nd7 63. Kc7 Nb6 64. Kd8 Kxb5 65. Ke7 Kc5 66. Kf6 Kd6 67. Kg6 Ke7 68. Kxh6 Kf6 69. Kh5 Nc8 70. h4 gxh4 71. Kxh4 Ne7 72. Ba2 Nf5+ 73. Kh5 Ne3 74. g3 Nf5 75. g4 Ng7+ 76. Kh6 Nf5+ 1/2-1/2

[Event "FRA-chT2W 0203"]
[Site "France"]
[Date "2002.12.08"]
[Round "4"]
[White "Neau, Julien"]
[Black "Zagala, Thierry"]
[Result "1/2-1/2"]
[WhiteElo "2115"]
[BlackElo "2038"]
[PlyCount "60"]
[EventDate "2002.10.??"]
[EventType "team-tourn"]
[EventRounds "11"]
[EventCountry "FRA"]
[SourceTitle "EXT 2004"]
[Source "ChessBase"]
[SourceDate "2003.11.25"]
[SourceVersion "1"]
[SourceVersionDate "2003.11.25"]
[SourceQuality "1"]
[WhiteTeam "Poitiers Buxerolles"]
[BlackTeam "Bordeaux II"]
[WhiteTeamCountry "FRA"]
[BlackTeamCountry "FRA"]

1. d4 Nf6 2. c4 e6 3. Nc3 d5 4. cxd5 exd5 5. Bg5 Be7 6. e3 0-0 7. Qc2 c6 8. Bd3 Nbd7 9. Nf3 Re8 10. 0-0 Nf8 11. Rab1 Ng6 12. b4 a6 13. a4 Ne4 14. Bxe7 Qxe7 15. b5 axb5 16. axb5 Bg4 17. Bxe4 dxe4 18. Nd2 Bf5 19. bxc6 bxc6 20. Ne2 Rac8 21. Ng3 Qe6 22. Nxf5 Qxf5 23. Nc4 Nh4 24. f3 Rcd8 25. Ne5 exf3 26. Qxf5 Nxf5 27. Rxf3 g6 28. Nxc6 Rd6 29. Rb6 Kg7 30. Rb8 Rxe3 1/2-1/2

[Event "FRA-chT2W 0203"]
[Site "France"]
[Date "2002.11.16"]
[Round "2"]
[White "Neau, Julien"]
[Black "Riazuelo, Gilles"]
[Result "1/2-1/2"]
[WhiteElo "2115"]
[BlackElo "2071"]
[PlyCount "101"]
[EventDate "2002.10.??"]
[EventType "team-tourn"]
[EventRounds "11"]
[EventCountry "FRA"]
[SourceTitle "EXT 2004"]
[Source "ChessBase"]
[SourceDate "2003.11.25"]
[SourceVersion "1"]
[SourceVersionDate "2003.11.25"]
[SourceQuality "1"]
[WhiteTeam "Poitiers Buxerolles"]
[BlackTeam "Le Chesnay"]
[WhiteTeamCountry "FRA"]
[BlackTeamCountry "FRA"]

1. d4 Nf6 2. c4 g6 3. Nc3 d5 4. cxd5 Nxd5 5. e4 Nxc3 6. bxc3 Bg7 7. Nf3 c5 8. Be3 Qa5 9. Qd2 0-0 10. Rc1 cxd4 11. cxd4 Qxd2+ 12. Nxd2 e6 13. Nf3 b6 14. Rc7 Ba6 15. Bc4 Bf6 16. 0-0 Bd8 17. Bxa6 Bxc7 18. Bb7 Nd7 19. Bxa8 Rxa8 20. Rc1 Bd8 21. d5 exd5 22. exd5 b5 23. d6 a5 24. Nd4 b4 25. Nc6 Kg7 26. Nxd8 Rxd8 27. Bd4+ f6 28. Rc7 Kf7 29. Bb6 Ke6 30. Bxa5 Kxd6 31. Rc2 Ra8 32. Bxb4+ Ke6 33. f4 f5 34. Kf2 Ra6 35. a3 Nf6 36. h3 Nd5 37. g3 Nxb4 38. axb4 Kd5 39. g4 Ke4 40. Rc4+ Kd3 41. Rc7 Ke4 42. Rxh7 fxg4 43. hxg4 Kxf4 44. Rb7 Ra2+ 45. Kf1 Kxg4 46. b5 Rb2 47. b6 g5 48. Rb8 Kg3 49. b7 g4 50. Ke1 Kg2 51. Rg8 1/2-1/2

[Event "FRA-ch U14"]
[Site "Hyeres"]
[Date "2002.??.??"]
[Round "5.8"]
[White "Neau, Julien"]
[Black "Adam, Etienne"]
[Result "1/2-1/2"]
[WhiteElo "2000"]
[BlackElo "1840"]
[PlyCount "126"]
[EventDate "2002.04.05"]
[EventType "swiss"]
[EventRounds "9"]
[EventCountry "FRA"]
[SourceTitle "EXT 2003"]
[Source "ChessBase"]
[SourceDate "2002.11.25"]
[SourceVersion "1"]
[SourceVersionDate "2002.11.25"]
[SourceQuality "1"]

1. d4 d5 2. c4 dxc4 3. e3 e5 4. Nf3 exd4 5. Qxd4 Qxd4 6. Nxd4 a6 7. a4 c5 8. Nf3 Nf6 9. Bxc4 Be7 10. Nc3 0-0 11. 0-0 Nc6 12. e4 Bg4 13. Be3 Rfe8 14. h3 Bh5 15. e5 Nd7 16. e6 Nb6 17. exf7+ Bxf7 18. Bxf7+ Kxf7 19. Ne4 Nc4 20. Bxc5 Bxc5 21. Nxc5 b6 22. Nb3 Nxb2 23. Rfb1 Nd3 24. Nbd4 Ncb4 25. Rd1 Rac8 26. Nf5 Rcd8 27. Ne3 Nb2 28. Rxd8 Rxd8 29. Ne5+ Ke6 30. N5c4 Nxc4 31. Nxc4 b5 32. axb5 axb5 33. Re1+ Kf6 34. Na3 Rd2 35. Nxb5 Nd3 36. Re3 Kg6 37. Rf3 Ne1 38. Rf8 Rd1 39. Kh2 Rd2 40. Nc3 Nd3 41. Kg3 Nc5 42. Rf3 Rc2 43. Kh4 h5 44. Nd5 Kh6 45. Rc3 g5+ 46. Kg3 Ne4+ 47. Kf3 Nxc3 48. Ne3 Ra2 49. Nf5+ Kg6 50. Ne3 Ra4 51. g3 h4 52. Ng4 hxg3 53. fxg3 Nd5 54. Nf2 Kf5 55. g4+ Kg6 56. Nd1 Ra3+ 57. Kf2 Rxh3 58. Kg2 Rd3 59. Nf2 Ne3+ 60. Kf3 Nd1+ 61. Nxd3 Nc3 62. Ne5+ Kf6 63. Nd7+ Ke7 1/2-1/2

[Event "FRA-ch U14"]
[Site "Hyeres"]
[Date "2002.??.??"]
[Round "7.6"]
[White "Neau, Julien"]
[Black "Brethes, Francois"]
[Result "1/2-1/2"]
[WhiteElo "2000"]
[BlackElo "1990"]
[PlyCount "119"]
[EventDate "2002.04.05"]
[EventType "swiss"]
[EventRounds "9"]
[EventCountry "FRA"]
[SourceTitle "EXT 2003"]
[Source "ChessBase"]
[SourceDate "2002.11.25"]
[SourceVersion "1"]
[SourceVersionDate "2002.11.25"]
[SourceQuality "1"]

1. d4 d5 2. c4 e6 3. cxd5 exd5 4. Nc3 Nf6 5. Bg5 c6 6. e3 Bf5 7. Nf3 Qb6 8. Qb3 Qxb3 9. axb3 Nbd7 10. Be2 Bd6 11. 0-0 0-0 12. Rfc1 h6 13. Bh4 Rfe8 14. Bg3 Bxg3 15. hxg3 Ne4 16. b4 a6 17. Na4 Bh7 18. Nc5 Ndxc5 19. bxc5 Rad8 20. Ra3 f6 21. Rb3 Re7 22. g4 g5 23. Ra1 Kg7 24. Bd3 Bg6 25. Bxe4 Bxe4 26. Nd2 Bg6 27. Rb6 Bf7 28. Ra4 Be6 29. f3 Bc8 30. Kf2 Kg6 31. Ra3 h5 32. gxh5+ Kxh5 33. g4+ Kg6 34. Ra1 Rde8 35. Re1 Rh8 36. Kg2 Reh7 37. Nf1 f5 38. gxf5+ Bxf5 39. e4 dxe4 40. fxe4 Bh3+ 41. Kg3 Bxf1 42. Rxf1 Rh3+ 43. Kf2 Rh2+ 44. Ke1 R8h4 45. Rf2 Rxe4+ 46. Kf1 Rxf2+ 47. Kxf2 Rxd4 48. Rxb7 Rd5 49. b4 a5 50. bxa5 Rxc5 51. a6 Kf5 52. a7 Ra5 53. Rc7 Kg4 54. Rxc6 Ra2+ 55. Kg1 Rxa7 56. Rc3 Ra2 57. Rb3 Kh4 58. Rc3 g4 59. Rb3 g3 60. Rb8 1/2-1/2

[Event "FRA-ch U14"]
[Site "Hyeres"]
[Date "2002.??.??"]
[Round "9.10"]
[White "Neau, Julien"]
[Black "Vernay, Clovis"]
[Result "0-1"]
[WhiteElo "2000"]
[BlackElo "1840"]
[PlyCount "170"]
[EventDate "2002.04.05"]
[EventType "swiss"]
[EventRounds "9"]
[EventCountry "FRA"]
[SourceTitle "EXT 2003"]
[Source "ChessBase"]
[SourceDate "2002.11.25"]
[SourceVersion "1"]
[SourceVersionDate "2002.11.25"]
[SourceQuality "1"]

1. d4 d5 2. c4 c6 3. Nc3 Nf6 4. Nf3 dxc4 5. a4 Bf5 6. e3 e6 7. Bxc4 Bb4 8. 0-0 0-0 9. Qb3 Qe7 10. Bd2 a5 11. Rac1 Nbd7 12. Ne2 Nb6 13. Ng3 Bg6 14. Rfd1 Ne4 15. Nxe4 Bxe4 16. Ra1 Nd5 17. Bxd5 exd5 18. Bxb4 axb4 19. Rac1 Ra6 20. Rc5 Rfa8 21. a5 Bxf3 22. gxf3 Qg5+ 23. Kh1 Qf5 24. e4 Qf6 25. e5 Qf5 26. Kg2 Qg6+ 27. Kh1 b6 28. Rcc1 bxa5 29. Rg1 Qh6 30. Rg3 g6 31. Rcg1 Kf8 32. Qc2 Ke8 33. Qc5 Qf8 34. Qc1 Kd7 35. f4 Qe7 36. Qc2 Qe6 37. Qc5 Kc7 38. Ra1 Kb7 39. Rgg1 Qe8 40. Qd6 Qd8 41. Qc5 Qf8 42. Qc2 Qe7 43. Rgc1 Rb6 44. Ra4 Raa6 45. b3 Rb5 46. Qd2 Qh4 47. Qe3 Qg4 48. f3 Qf5 49. Kg2 Ra8 50. Rca1 Kb6 51. R4a2 h6 52. h4 Rg8 53. Kh2 Re8 54. Re1 g5 55. fxg5 hxg5 56. hxg5 Rh8+ 57. Kg1 Qh3 58. Rg2 Qf5 59. Kf2 Rh3 60. Re2 Ka6 61. Rg3 Rh4 62. e6 Rh2+ 63. Rg2 Rxg2+ 64. Kxg2 fxe6 65. f4 Qg4+ 66. Kf1 Rb7 67. Qxe6 Qxf4+ 68. Rf2 Qc1+ 69. Qe1 Qxg5 70. Qe2+ Ka7 71. Qc2 Rc7 72. Qc5+ Kb7 73. Qf8 Qc1+ 74. Kg2 Qe3 75. Rf3 Qxd4 76. Rg3 Qd2+ 77. Kf1 d4 78. Qf3 d3 79. Kg1 Qe1+ 80. Kg2 d2 81. Rg5 d1Q 82. Rb5+ Ka6 83. Rxa5+ Kxa5 84. Qf5+ Qd5+ 85. Qxd5+ cxd5 0-1